000 00318nam a22001337a 4500
008 170505b xxu||||| |||| 00| 0 eng d
020 _a9780495315797
041 _aeng
080 _a343.9
100 _a14
101 _aSHJ
245 _aCRIMINAL PROCEDURES THE POST INVESTIGATIVES
_cCOHEN.N.P
942 _2udc
_cBK
999 _c12842
_d12842